00637nam a2200169 a 450000100100000000500170001000800410002702000180006804000250008610000260011124501170013726000400025430000210029450400300031595201050034599900170045000004602920201002052606.0150612s2013 dr 000 0 spa d a9789945131673 aDO-SdBNPbspacBNPHU1 aSalazar, Manuel9245410aSobre los conceptos y las categorías de análisis :balgunas cuestiones para la práctica /cManuel Salazar. aSanto Domingo, :bMediabyte,c2013. a108 p. ;c22 cm. aBibliografía p: 107-108 0010718PDaPDbPDcHDd2015-06-12iLF1l0o p46029-10r2020-06-25w2020-06-25yLFPDZNo se presta c45518d45518